[Event "Fredericia (Women)"]
[Site "Fredericia"]
[Date "2024.05.10"]
[Round "4"]
[White "Zaritovskaja, Margarita"]
[Black "Doluhanova, Evgeniya"]
[Result "0-1"]
[WhiteElo "2033"]
[BlackElo "2274"]
[PlyCount "76"]
[EventDate "2024.05.08"]
[EventType "tourn"]
[EventRounds "9"]
[EventCountry "DEN"]
[SourceTitle "CB20_2024"]
[SourceDate "2024.05.16"]
[SourceVersion "1"]
[SourceVersionDate "2024.05.16"]
[SourceQuality "1"]

1. e4 e5 2. Nf3 Nc6 3. Bc4 Bc5 4. c3 Nf6 5. d3 0-0 6. 0-0 d6 7. h3 a6 8. Nbd2 Ba7 9. Bb3 Ne7 10. Re1 Ng6 11. Nf1 Be6 12. Ng3 Qd7 13. d4 Bxb3 14. axb3 exd4 15. cxd4 h6 16. Bd2 Rfe8 17. Bc3 Rad8 18. Qd2 d5 19. e5 Nh7 20. Nh2 f6 21. Qd3 Nf4 22. Qf3 fxe5 23. Rxe5 Rxe5 24. dxe5 Rf8 25. Qg4 Qxg4 26. Nxg4 h5 27. Nxh5 Nxh5 28. Bd2 Ng3 29. Re1 Ne4 30. Be3 Bxe3 31. Rxe3 Nhg5 32. f3 Nc5 33. Rc3 Nge6 34. b4 Na4 35. Rc2 Rf4 36. Rd2 c6 37. b3 Nc3 38. Rc2 Nb5 0-1

[Event "Fredericia (Women)"]
[Site "Fredericia"]
[Date "2024.05.08"]
[Round "1"]
[White "Zaritovskaja, Margarita"]
[Black "Martynkova, Olena"]
[Result "1/2-1/2"]
[WhiteElo "2033"]
[BlackElo "2202"]
[PlyCount "57"]
[EventDate "2024.05.08"]
[EventType "tourn"]
[EventRounds "9"]
[EventCountry "DEN"]
[SourceTitle "CB20_2024"]
[SourceDate "2024.05.16"]
[SourceVersion "1"]
[SourceVersionDate "2024.05.16"]
[SourceQuality "1"]

1. e4 c5 2. Nf3 e6 3. d4 cxd4 4. Nxd4 Nc6 5. Nc3 Qc7 6. Nxc6 Qxc6 7. Bd3 a6 8. 0-0 Bc5 9. Qg4 Kf8 10. e5 d5 11. Na4 h5 12. Qh4 Be7 13. Qd4 Nh6 14. Be3 Ng4 15. Nb6 Rb8 16. h3 Nxe3 17. fxe3 Ke8 18. Nxc8 Rxc8 19. Qf4 Rf8 20. Qg3 g5 21. Qf3 h4 22. Qh5 Qc7 23. Rxf7 Rxf7 24. Rf1 Qxe5 25. Rxf7 Kd7 26. Qf3 Qxb2 27. Qg4 Qa1+ 28. Kf2 Qe5 29. Qb4 1/2-1/2

[Event "Vaxjo op"]
[Site "Vaxjo"]
[Date "2023.02.10"]
[Round "2"]
[White "Trost, Edvin"]
[Black "Zaritovskaja, Margarita"]
[Result "1-0"]
[WhiteElo "2364"]
[BlackElo "1973"]
[PlyCount "61"]
[EventDate "2023.02.10"]
[EventType "swiss"]
[EventRounds "8"]
[EventCountry "SWE"]
[SourceTitle "CBM 212 Extra"]
[Source "ChessBase"]
[SourceDate "2023.03.31"]
[SourceVersion "1"]
[SourceVersionDate "2023.03.31"]
[SourceQuality "1"]

1. e4 c5 2. Nf3 d6 3. d4 cxd4 4. Nxd4 Nf6 5. Nc3 a6 6. f3 e6 7. g4 b5 8. a3 Be7 9. Be3 Qc7 10. Qd2 Bb7 11. g5 Nfd7 12. f4 Nc5 13. Bg2 Nbd7 14. f5 e5 15. Nde2 Nb6 16. b3 Rc8 17. 0-0 f6 18. h4 Bc6 19. Ng3 Qb7 20. Rad1 Nbd7 21. Nd5 Bxd5 22. exd5 Qc7 23. Kh2 Nb7 24. Rf2 Ndc5 25. Bf3 Rg8 26. Rg1 a5 27. Rfg2 b4 28. axb4 axb4 29. Nh5 fxg5 30. Bxg5 Bxg5 31. Rxg5 1-0

[Event "EU-chT (Women) 23rd"]
[Site "Terme Catez"]
[Date "2021.11.20"]
[Round "8.3"]
[White "Zaritovskaja, Margarita"]
[Black "Ruzic, Pia Marie"]
[Result "1-0"]
[WhiteElo "2040"]
[BlackElo "2049"]
[PlyCount "37"]
[EventDate "2021.11.12"]
[EventType "team-swiss"]
[EventRounds "9"]
[EventCountry "SLO"]
[SourceTitle "CBM 205"]
[Source "ChessBase"]
[SourceDate "2021.12.31"]
[SourceVersion "1"]
[SourceVersionDate "2021.12.31"]
[SourceQuality "1"]
[WhiteTeam "Sweden (W)"]
[BlackTeam "Slovenia (W) II"]
[WhiteTeamCountry "SWE"]
[BlackTeamCountry "SLO"]

1. e4 e6 2. d4 d5 3. Bd3 c5 4. exd5 exd5 5. Nf3 Nf6 6. 0-0 c4 7. Be2 Be7 8. b3 cxb3 9. axb3 0-0 10. c4 b6 11. Nc3 Bg4 12. Ne5 Bxe2 13. Nxe2 Qc7 14. Ng3 g6 15. Bf4 Bd6 16. Qf3 Re8 17. cxd5 Nbd7 18. Rac1 Qb7 19. Nxd7 1-0

[Event "Online Olym Div Top-B"]
[Site "Chess.com INT"]
[Date "2021.09.10"]
[Round "7.5"]
[White "Zaritovskaja, Margarita"]
[Black "Sumarriva Paulin, Laura"]
[Result "0-1"]
[WhiteElo "2040"]
[BlackElo "1974"]
[PlyCount "56"]
[EventDate "2021.09.08"]
[EventType "team (rapid)"]
[EventRounds "9"]
[EventCountry "USA"]
[SourceTitle "CBM 204 Extra"]
[Source "ChessBase"]
[SourceDate "2021.11.30"]
[SourceVersion "1"]
[SourceVersionDate "2021.11.30"]
[SourceQuality "1"]
[WhiteTeam "Sweden"]
[BlackTeam "France"]
[WhiteTeamCountry "SWE"]
[BlackTeamCountry "FRA"]

1. e4 e6 2. d4 d5 3. Nc3 Nf6 4. Bg5 Be7 5. e5 Nfd7 6. h4 h6 7. Bxe7 Qxe7 8. Qg4 Kf8 9. 0-0-0 a6 10. Rh3 c5 11. Rg3 Rg8 12. dxc5 Nxe5 13. Nxd5 Qxc5 14. Qf4 Nbd7 15. Rc3 Qd6 16. Nb4 Qb6 17. Nf3 Ng6 18. Qc4 Ke7 19. Re3 Nf6 20. h5 Nf8 21. Nd4 g6 22. Ndc6+ bxc6 23. Nxc6+ Ke8 24. Rd8+ Qxd8 25. Nxd8 Kxd8 26. Rd3+ N8d7 27. Qc6 Rb8 28. Rf3 Ke7 0-1

[Event "Online Olym Div Top-B"]
[Site "Chess.com INT"]
[Date "2021.09.09"]
[Round "5.4"]
[White "Zaritovskaja, Margarita"]
[Black "Urh, Zala"]
[Result "0-1"]
[WhiteElo "2040"]
[BlackElo "2234"]
[PlyCount "72"]
[EventDate "2021.09.08"]
[EventType "team (rapid)"]
[EventRounds "9"]
[EventCountry "USA"]
[SourceTitle "CBM 204 Extra"]
[Source "ChessBase"]
[SourceDate "2021.11.30"]
[SourceVersion "1"]
[SourceVersionDate "2021.11.30"]
[SourceQuality "1"]
[WhiteTeam "Sweden"]
[BlackTeam "Slovenia"]
[WhiteTeamCountry "SWE"]
[BlackTeamCountry "SLO"]

1. e4 c5 2. Nf3 Nc6 3. d4 cxd4 4. Nxd4 Nf6 5. Nc3 e5 6. Ndb5 d6 7. Bg5 a6 8. Na3 b5 9. Bxf6 gxf6 10. Nd5 f5 11. Bd3 Be6 12. 0-0 Bg7 13. c4 b4 14. Nxb4 Nxb4 15. Qa4+ Qd7 16. Qxb4 fxe4 17. Bxe4 Rd8 18. Rad1 0-0 19. Qd2 f5 20. Bd5 Kh8 21. Nc2 e4 22. Nd4 Bg8 23. Qg5 Rf6 24. b3 Rdf8 25. Bxg8 Rxg8 26. Ne2 Rg6 27. Qh5 Be5 28. g3 Qf7 29. Kh1 Qf6 30. Rg1 Rh6 31. Qxh6 Qxh6 32. Nf4 Bxf4 33. gxf4 Qxf4 34. Rxg8+ Kxg8 35. Kg1 e3 36. fxe3 Qg4+ 0-1

[Event "Online Olym Div2 D"]
[Site "Chess.com INT"]
[Date "2020.08.16"]
[Round "8.6"]
[White "Van den Brink, Nienke"]
[Black "Zaritovskaja, Margarita"]
[Result "0-1"]
[WhiteElo "1811"]
[BlackElo "2040"]
[PlyCount "100"]
[EventDate "2020.08.14"]
[EventType "team-tourn (rapid)"]
[EventRounds "9"]
[EventCountry "USA"]
[SourceTitle "CBM 198"]
[Source "ChessBase"]
[SourceDate "2020.10.31"]
[SourceVersion "1"]
[SourceVersionDate "2020.10.31"]
[SourceQuality "1"]
[WhiteTeam "Denmark"]
[BlackTeam "Sweden"]
[WhiteTeamCountry "DEN"]
[BlackTeamCountry "SWE"]

1. e4 c5 2. Nf3 d6 3. d4 cxd4 4. Nxd4 Nf6 5. Nc3 a6 6. f3 e5 7. Nb3 Be6 8. Be3 h5 9. Qd2 Nbd7 10. 0-0-0 b5 11. Bd3 Qc7 12. f4 Nb6 13. f5 Nc4 14. Bxc4 Bxc4 15. Bg5 b4 16. Bxf6 bxc3 17. Qxc3 gxf6 18. Na5 Rc8 19. Nxc4 Qxc4 20. Qxc4 Rxc4 21. Rhe1 h4 22. Rd5 Rg8 23. Re2 Rg4 24. Ra5 Rcxe4 25. Rxe4 Rxe4 26. Rxa6 Bh6+ 27. Kd1 Kd7 28. Ra7+ Kc6 29. Rxf7 Bg5 30. b3 Rd4+ 31. Ke1 Rd2 32. Rf8 Rxg2 33. h3 Rh2 34. Rc8+ Kb7 35. Rc4 Rxh3 36. a4 Rf3 37. Ke2 Rf4 38. Rc3 Rxf5 39. a5 Rf4 40. Rh3 Rd4 41. c3 Rd2+ 42. Ke1 Rg2 43. b4 Rg3 44. Rh2 Rxc3 45. Rb2 h3 46. b5 Rc1+ 47. Kf2 h2 48. a6+ Kb6 49. a7 Kxa7 50. Ra2+ Kb6 0-1

[Event "Online Olym Div2 D"]
[Site "Chess.com INT"]
[Date "2020.08.15"]
[Round "5.6"]
[White "Kvendseth, Thyra"]
[Black "Zaritovskaja, Margarita"]
[Result "1-0"]
[WhiteElo "1998"]
[BlackElo "2040"]
[PlyCount "89"]
[EventDate "2020.08.14"]
[EventType "team-tourn (rapid)"]
[EventRounds "9"]
[EventCountry "USA"]
[SourceTitle "CBM 198"]
[Source "ChessBase"]
[SourceDate "2020.10.31"]
[SourceVersion "1"]
[SourceVersionDate "2020.10.31"]
[SourceQuality "1"]
[WhiteTeam "Norway"]
[BlackTeam "Sweden"]
[WhiteTeamCountry "NOR"]
[BlackTeamCountry "SWE"]

1. Nf3 f5 2. g3 Nf6 3. Bg2 g6 4. d4 Bg7 5. c4 d6 6. Nc3 c6 7. Bf4 0-0 8. 0-0 Ne4 9. Qd3 Nxc3 10. bxc3 Nd7 11. Rfd1 Nf6 12. Rab1 h6 13. h4 Nh5 14. Bc1 Qe8 15. Nh2 e5 16. e4 Qf7 17. Rb2 Be6 18. d5 Bd7 19. Rf1 Rab8 20. Bd2 c5 21. Qe2 a6 22. Rb6 fxe4 23. Bxe4 Bh3 24. Bg2 Bxg2 25. Kxg2 Qc7 26. Rfb1 Nf6 27. Ng4 Nxg4 28. Qxg4 Kh7 29. Qe6 Rf6 30. Qg4 Rbf8 31. Be3 Rb8 32. Qe4 Rf5 33. g4 Rf6 34. h5 a5 35. g5 Rf5 36. hxg6+ Kxg6 37. gxh6 Bh8 38. Kh2 Qh7 39. Rxd6+ Bf6 40. Rbb6 Rf8 41. Qg4+ Kf7 42. Rd7+ Be7 43. Rxe7+ Kxe7 44. Rxb7+ Ke8 45. Rxh7 1-0

[Event "SWE-DEN (Women)"]
[Site "chess24.com INT"]
[Date "2020.06.17"]
[Round "4.6"]
[White "Skytte, Torill"]
[Black "Zaritovskaja, Margarita"]
[Result "0-1"]
[WhiteElo "1967"]
[BlackElo "2040"]
[PlyCount "54"]
[EventDate "2020.06.17"]
[EventType "team-match (rapid)"]
[EventRounds "6"]
[EventCountry "SWE"]
[SourceTitle "CBM 196 Extra"]
[Source "ChessBase"]
[SourceDate "2020.07.31"]
[SourceVersion "1"]
[SourceVersionDate "2020.07.31"]
[SourceQuality "1"]
[WhiteTeam "Denmark"]
[BlackTeam "Denmark"]
[WhiteTeamCountry "DEN"]
[BlackTeamCountry "DEN"]

1. d4 Nf6 2. Bf4 d5 3. e3 Bf5 4. Nf3 e6 5. Be2 Bd6 6. Ne5 0-0 7. 0-0 Nfd7 8. Nd2 f6 9. Nxd7 Qxd7 10. c4 c6 11. Re1 Na6 12. c5 Bxf4 13. exf4 Nb4 14. Bg4 Bxg4 15. Qxg4 Nc2 16. Rac1 Nxe1 17. Rxe1 Rae8 18. Re3 b6 19. b4 bxc5 20. bxc5 Qf7 21. Rh3 e5 22. Qh4 g6 23. f5 g5 24. Qg4 exd4 25. Nf3 Re4 26. Qg3 Rfe8 27. Kf1 Qb7 0-1

[Event "SWE-DEN (Women)"]
[Site "chess24.com INT"]
[Date "2020.06.17"]
[Round "3.6"]
[White "Zaritovskaja, Margarita"]
[Black "Nilssen, Ellen Fredericia"]
[Result "0-1"]
[WhiteElo "2040"]
[BlackElo "2071"]
[PlyCount "96"]
[EventDate "2020.06.17"]
[EventType "team-match (rapid)"]
[EventRounds "6"]
[EventCountry "SWE"]
[SourceTitle "CBM 196 Extra"]
[Source "ChessBase"]
[SourceDate "2020.07.31"]
[SourceVersion "1"]
[SourceVersionDate "2020.07.31"]
[SourceQuality "1"]
[WhiteTeam "Denmark"]
[BlackTeam "Denmark"]
[WhiteTeamCountry "DEN"]
[BlackTeamCountry "DEN"]

1. e4 e6 2. d4 d5 3. Nc3 Bb4 4. e5 c5 5. a3 Bxc3+ 6. bxc3 Qa5 7. Bd2 Qa4 8. Qg4 g6 9. Bd3 c4 10. Be2 Nc6 11. Nf3 Bd7 12. 0-0 0-0-0 13. Qf4 Rf8 14. Ng5 Nd8 15. Rfb1 Qxc2 16. Rb4 h6 17. Nf3 Nc6 18. Rbb1 Nge7 19. a4 g5 20. Qf6 g4 21. Bxh6 Qxe2 22. Bxf8 Rxf8 23. Ng5 Qd3 24. Nxf7 Kc7 25. Qg7 Rg8 26. Qf6 Rg6 27. Qf4 Qxc3 28. Nd6 b6 29. Nb5+ Kb7 30. Nxc3 Nf5 31. Ne2 Na5 32. Nc1 Nc6 33. a5 Nfxd4 34. axb6 axb6 35. Qd2 Rg8 36. Qb4 Nxb4 37. Rxb4 Nc6 38. Rbb1 Nxe5 39. Ne2 Nd3 40. Nd4 e5 41. Ne2 Rc8 42. Nc3 d4 43. Nd5 Rc6 44. Ne7 Re6 45. Nd5 c3 46. Rb3 Nc5 47. Rbb1 Rd6 48. Nb4 d3 0-1

[Event "Hillerod 100th Ann (Women)"]
[Site "Hillerod"]
[Date "2020.02.14"]
[Round "8"]
[White "Zaritovskaja, Margarita"]
[Black "Baliuniene, Margarita"]
[Result "0-1"]
[WhiteElo "2022"]
[BlackElo "1982"]
[PlyCount "72"]
[EventDate "2020.02.08"]
[EventType "tourn"]
[EventRounds "9"]
[EventCountry "DEN"]
[SourceTitle "CBM 194 Extra"]
[Source "ChessBase"]
[SourceDate "2020.03.31"]
[SourceVersion "1"]
[SourceVersionDate "2020.03.31"]
[SourceQuality "1"]

1. d4 d5 2. c4 e6 3. Nc3 Nf6 4. cxd5 exd5 5. Nf3 c6 6. Bg5 Be7 7. e3 Bf5 8. Bd3 Bxd3 9. Qxd3 Nbd7 10. 0-0 0-0 11. Nd2 Re8 12. Rae1 c5 13. Qf5 g6 14. Qd3 cxd4 15. exd4 Qb6 16. Re2 Bb4 17. Rfe1 Rxe2 18. Rxe2 Rc8 19. h3 Bf8 20. Nf3 Qa5 21. Ne5 Bb4 22. Qf3 Nxe5 23. dxe5 Ne4 24. Nxe4 dxe4 25. Rxe4 Bf8 26. h4 Qxa2 27. h5 Qxb2 28. hxg6 hxg6 29. Bf6 Rc3 30. Rh4 Bg7 31. Qd5 Rc1+ 32. Kh2 Bxf6 33. exf6 Qxf6 34. Re4 Rc6 35. Re8+ Kg7 36. Rd8 Qh4+ 0-1

[Event "Hillerod 100th Ann (Women)"]
[Site "Hillerod"]
[Date "2020.02.11"]
[Round "5"]
[White "Nilssen, Ellen Fredericia"]
[Black "Zaritovskaja, Margarita"]
[Result "0-1"]
[WhiteElo "2065"]
[BlackElo "2022"]
[PlyCount "138"]
[EventDate "2020.02.08"]
[EventType "tourn"]
[EventRounds "9"]
[EventCountry "DEN"]
[SourceTitle "CBM 194 Extra"]
[Source "ChessBase"]
[SourceDate "2020.03.31"]
[SourceVersion "1"]
[SourceVersionDate "2020.03.31"]
[SourceQuality "1"]

1. d4 Nf6 2. Nf3 c5 3. d5 g6 4. Nc3 d6 5. e4 Bg7 6. Bb5+ Nbd7 7. a4 0-0 8. 0-0 a6 9. Be2 Rb8 10. Re1 Ne8 11. Bd2 Nc7 12. Qc1 Re8 13. Bh6 Bh8 14. a5 b5 15. axb6 Rxb6 16. Nd2 Ne5 17. Bf4 Rb8 18. Nb3 Nb5 19. Nd1 Qb6 20. Bxe5 Bxe5 21. Na5 Nd4 22. Bf1 Qa7 23. Ra3 Bd7 24. Ne3 Bg7 25. Qa1 Rxb2 26. c3 Nc2 27. Qxb2 Nxe1 28. Qd2 Nxg2 29. Nxg2 Qc7 30. Ne3 Rb8 31. Rb3 Rxb3 32. Nxb3 Qb6 33. Nc1 Qb1 34. Bxa6 Qxe4 35. Bf1 f5 36. Ng2 Be5 37. c4 f4 38. Bd3 Qf3 39. Be2 Qh3 40. f3 g5 41. Nd3 Bd4+ 42. Kh1 Bf5 43. Nde1 Bf2 44. Bd3 Bg3 45. Nxf4 Bxf4 46. Qg2 Qh4 47. Bxf5 Qxe1+ 48. Qg1 Qe2 49. Bg4 Qxc4 50. Qe1 Qc1 51. Qxc1 Bxc1 52. Kg2 Kg7 53. Bf5 h5 54. Kf2 Kf6 55. Be4 e6 56. Ke2 exd5 57. Bxd5 Ke5 58. Bf7 h4 59. Kd3 d5 60. h3 c4+ 61. Kc3 Ba3 62. Bg8 Kd6 63. Bf7 Kc5 64. Bg8 Bb4+ 65. Kc2 d4 66. Bh7 d3+ 67. Bxd3 cxd3+ 68. Kxd3 Kd5 69. Ke3 Bc5+ 0-1

[Event "SWE-chT 1819 Superettan"]
[Site "Sweden"]
[Date "2019.02.02"]
[Round "5"]
[White "Zaritovskaja, Margarita"]
[Black "Burwick, Malte"]
[Result "0-1"]
[WhiteElo "1799"]
[BlackElo "2228"]
[PlyCount "76"]
[EventDate "2018.11.09"]
[EventType "team-tourn"]
[EventRounds "9"]
[EventCountry "SWE"]
[SourceTitle "EXT 2020"]
[Source "ChessBase"]
[SourceDate "2019.10.17"]
[SourceVersion "1"]
[SourceVersionDate "2019.10.17"]
[SourceQuality "1"]
[WhiteTeam "Vasteras II"]
[BlackTeam "Upsala"]
[WhiteTeamCountry "SWE"]
[BlackTeamCountry "SWE"]

1. e4 g6 2. d4 Bg7 3. Nf3 d6 4. Bc4 e6 5. 0-0 Ne7 6. Nc3 a6 7. a4 b6 8. Bg5 h6 9. Bh4 Nd7 10. Ne1 0-0 11. f4 Qe8 12. Qd3 Nf6 13. Nf3 d5 14. Ba2 Bb7 15. Nd2 dxe4 16. Ncxe4 Nxe4 17. Nxe4 Bxe4 18. Qxe4 Nf5 19. Bf2 Nd6 20. Qf3 Rd8 21. Rfe1 Qxa4 22. Bxe6 Qb5 23. Bb3 Nf5 24. d5 Bxb2 25. Rab1 Bf6 26. c4 Qd7 27. Rbd1 Rfe8 28. Rxe8+ Rxe8 29. Bc2 Nd6 30. Bd3 a5 31. h4 h5 32. c5 bxc5 33. Bxc5 a4 34. Bxd6 Qxd6 35. f5 Kg7 36. Bb1 Qb4 37. Rf1 Qd4+ 38. Qf2 Re2 0-1

[Event "Wch U14 Girls"]
[Site "Porto Carras"]
[Date "2018.10.28"]
[Round "9.31"]
[White "Zaritovskaja, Margarita"]
[Black "Yellamraju, Ambica"]
[Result "0-1"]
[WhiteElo "1731"]
[BlackElo "1647"]
[PlyCount "126"]
[EventDate "2018.10.20"]
[EventType "swiss"]
[EventRounds "11"]
[EventCountry "GRE"]
[SourceTitle "CBM 187 Extra"]
[Source "ChessBase"]
[SourceDate "2018.11.04"]
[SourceVersion "1"]
[SourceVersionDate "2018.11.04"]
[SourceQuality "1"]

1. e4 e6 2. d4 d5 3. Nc3 Nf6 4. Bg5 Be7 5. e5 Nfd7 6. h4 Bxg5 7. hxg5 Qxg5 8. Nh3 Qe7 9. Nb5 Nb6 10. Qd2 a6 11. Nc3 Nc6 12. 0-0-0 Bd7 13. Qg5 Qxg5+ 14. Nxg5 h6 15. f4 Ke7 16. Nf3 h5 17. Be2 Na5 18. Ne1 g6 19. Nd3 Nbc4 20. Nc5 Ne3 21. Rd3 Nf5 22. g4 hxg4 23. Rxh8 Rxh8 24. Bxg4 Rh1+ 25. Rd1 Rxd1+ 26. Nxd1 Nxd4 27. Nc3 Nf5 28. b3 Bc8 29. Kd2 b6 30. Nd3 Bd7 31. Nb4 Bc8 32. Be2 b5 33. Nd3 Nb7 34. a4 Nd4 35. axb5 axb5 36. Bg4 Bd7 37. b4 Be8 38. Na2 Kd7 39. c3 Nf5 40. Nac1 Ng3 41. Bf3 Kc6 42. Ke3 Kb6 43. Nb3 Nf5+ 44. Kd2 Bc6 45. Ndc5 d4 46. Bxc6 dxc3+ 47. Kxc3 Kxc6 48. Nxb7 Kxb7 49. Nc5+ Kc6 50. Kd3 Ng3 51. Na6 Nf5 52. Nc5 Ne7 53. Kd4 Nd5 54. Nd3 Kb6 55. Ke4 c6 56. Kd4 Nxb4 57. Nf2 c5+ 58. Ke4 Nc6 59. Ng4 b4 60. Kd3 Kb5 61. Ne3 g5 62. fxg5 Nxe5+ 63. Kc2 Nf3 0-1

[Event "Wch U14 Girls"]
[Site "Porto Carras"]
[Date "2018.10.27"]
[Round "8"]
[White "Kouta, Antonia"]
[Black "Zaritovskaja, Margarita"]
[Result "1/2-1/2"]
[WhiteElo "1812"]
[BlackElo "1731"]
[PlyCount "86"]
[EventDate "2018.10.20"]
[EventType "swiss"]
[EventRounds "11"]
[EventCountry "GRE"]
[SourceTitle "CBM 187 Extra"]
[Source "ChessBase"]
[SourceDate "2018.11.04"]
[SourceVersion "1"]
[SourceVersionDate "2018.11.04"]
[SourceQuality "1"]

1. e4 c5 2. Nf3 d6 3. d4 cxd4 4. Nxd4 Nf6 5. f3 a6 6. c4 e6 7. Nc3 Be7 8. Be3 Nc6 9. Be2 0-0 10. 0-0 Bd7 11. Qd2 Rc8 12. Rfc1 Nxd4 13. Bxd4 Bc6 14. b4 b6 15. a4 Bb7 16. Rcb1 d5 17. e5 Nd7 18. cxd5 exd5 19. f4 Qc7 20. Bg4 Rcd8 21. Qe3 Bc5 22. Ne2 Bxd4 23. Nxd4 Rfe8 24. Qh3 Nf8 25. Rc1 Qe7 26. Rab1 g6 27. Nc6 Bxc6 28. Rxc6 h5 29. Be2 Ne6 30. Qe3 d4 31. Qe4 d3 32. Bxd3 Nxf4 33. Qxf4 Rxd3 34. Rf1 Rd7 35. Re1 Rc7 36. Rxb6 Rb7 37. Rxb7 Qxb7 38. a5 Qd5 39. h3 Qe6 40. Rf1 Re7 41. Qf6 Qxe5 42. Qxe5 Rxe5 43. Kf2 Rb5 1/2-1/2

[Event "Wch U14 Girls"]
[Site "Porto Carras"]
[Date "2018.10.20"]
[Round "1"]
[White "Zaritovskaja, Margarita"]
[Black "Allahverdiyeva, Ayan"]
[Result "0-1"]
[WhiteElo "1731"]
[BlackElo "2116"]
[PlyCount "66"]
[EventDate "2018.10.20"]
[EventType "swiss"]
[EventRounds "11"]
[EventCountry "GRE"]
[SourceTitle "CBM 187 Extra"]
[Source "ChessBase"]
[SourceDate "2018.11.04"]
[SourceVersion "1"]
[SourceVersionDate "2018.11.04"]
[SourceQuality "1"]

1. e4 e6 2. d4 d5 3. Nc3 Bb4 4. Nge2 Nc6 5. a3 Ba5 6. exd5 exd5 7. Ng3 Nf6 8. Be2 Be6 9. 0-0 0-0 10. Bg5 h6 11. Be3 Ne7 12. b4 Bb6 13. Bd3 Qd7 14. Nce2 Nf5 15. Nxf5 Bxf5 16. Ng3 Bxd3 17. Qxd3 Rfe8 18. f3 a6 19. Kh1 Re6 20. Rae1 Qb5 21. Qd2 Rae8 22. Nf5 Kh7 23. Qf2 g6 24. Qh4 gxf5 25. Bxh6 Rxe1 26. Bd2+ Kg8 27. Qg5+ Kf8 28. Qh6+ Ke7 29. Rxe1+ Kd7 30. Rd1 Qe2 31. Rb1 Rg8 32. Bg5 Bxd4 33. Qh4 Be3 0-1

[Event "Olympiad Women-43"]
[Site "Batumi"]
[Date "2018.10.05"]
[Round "11.4"]
[White "Zaritovskaja, Margarita"]
[Black "Qin, Nicole Shu Yu"]
[Result "1-0"]
[WhiteElo "1731"]
[BlackElo "1790"]
[PlyCount "57"]
[EventDate "2018.09.24"]
[EventType "team-swiss"]
[EventRounds "11"]
[EventCountry "GEO"]
[SourceTitle "EXT 2020"]
[Source "ChessBase"]
[SourceDate "2019.10.17"]
[SourceVersion "1"]
[SourceVersionDate "2019.10.17"]
[SourceQuality "1"]
[WhiteTeam "Sweden (W)"]
[BlackTeam "New Zealand (W)"]
[WhiteTeamCountry "SWE"]
[BlackTeamCountry "NZL"]

1. e4 e6 2. d4 d5 3. Nc3 Bb4 4. Nge2 dxe4 5. a3 Ba5 6. b4 Bb6 7. Nxe4 f5 8. Nc5 Bxc5 9. bxc5 Nf6 10. Nf4 0-0 11. Bc4 Re8 12. 0-0 Nd5 13. Re1 Nxf4 14. Bxf4 Nc6 15. d5 Na5 16. Ba2 b6 17. dxe6 Qe7 18. Qh5 Ba6 19. Qxf5 Bc4 20. Bxc4 Nxc4 21. c6 Nd6 22. Qg4 Qf6 23. Rad1 Rad8 24. Bg5 Qg6 25. e7 Rc8 26. Re6 Qxc2 27. Rde1 Kh8 28. Rxd6 cxd6 29. Qxc8 1-0

[Event "Olympiad Women-43"]
[Site "Batumi"]
[Date "2018.10.04"]
[Round "10.4"]
[White "Okuyaz, Duru"]
[Black "Zaritovskaja, Margarita"]
[Result "1-0"]
[WhiteElo "2108"]
[BlackElo "1731"]
[PlyCount "73"]
[EventDate "2018.09.24"]
[EventType "team-swiss"]
[EventRounds "11"]
[EventCountry "GEO"]
[SourceTitle "EXT 2020"]
[Source "ChessBase"]
[SourceDate "2019.10.17"]
[SourceVersion "1"]
[SourceVersionDate "2019.10.17"]
[SourceQuality "1"]
[WhiteTeam "Turkey (W)"]
[BlackTeam "Sweden (W)"]
[WhiteTeamCountry "TUR"]
[BlackTeamCountry "SWE"]

1. e4 c5 2. Nf3 e6 3. g3 Nc6 4. Bg2 Bd6 5. d4 cxd4 6. Nxd4 Bc5 7. Nxc6 dxc6 8. Qxd8+ Kxd8 9. e5 Ne7 10. Nd2 Nd5 11. Ne4 Be7 12. c4 Nb4 13. 0-0 Kc7 14. Bd2 c5 15. Bxb4 cxb4 16. c5 Bd7 17. Nd6 Bxd6 18. cxd6+ Kb6 19. Rac1 Rac8 20. f4 Bb5 21. Rfd1 Be2 22. Re1 Bb5 23. Kf2 Rhd8 24. Ke3 a5 25. Kd4 Bd7 26. g4 g6 27. Be4 Rxc1 28. Rxc1 Rc8 29. Rf1 Rg8 30. f5 gxf5 31. gxf5 Rg4 32. fxe6 Bxe6 33. Ke3 Rh4 34. Bf5 Rxh2 35. Bxe6 fxe6 36. Rd1 Kc6 37. d7 1-0

[Event "Olympiad Women-43"]
[Site "Batumi"]
[Date "2018.10.02"]
[Round "8.4"]
[White "Zaritovskaja, Margarita"]
[Black "Hng, Mei Xian Eunice"]
[Result "1-0"]
[WhiteElo "1731"]
[BlackElo "1687"]
[PlyCount "51"]
[EventDate "2018.09.24"]
[EventType "team-swiss"]
[EventRounds "11"]
[EventCountry "GEO"]
[SourceTitle "EXT 2020"]
[Source "ChessBase"]
[SourceDate "2019.10.17"]
[SourceVersion "1"]
[SourceVersionDate "2019.10.17"]
[SourceQuality "1"]
[WhiteTeam "Sweden (W)"]
[BlackTeam "Singapore (W)"]
[WhiteTeamCountry "SWE"]
[BlackTeamCountry "SIN"]

1. e4 c5 2. Nf3 e6 3. d4 cxd4 4. Nxd4 a6 5. Bd3 Bc5 6. Nb3 Ba7 7. 0-0 Nc6 8. Nc3 Nf6 9. Kh1 0-0 10. Bg5 h6 11. Bh4 b5 12. Qe2 d6 13. f4 Nd4 14. Nxd4 Bxd4 15. e5 dxe5 16. fxe5 Bb7 17. exf6 Bxf6 18. Bxf6 gxf6 19. Rad1 Qe7 20. Qg4+ Kh8 21. Qh4 Kg7 22. Rf4 Rh8 23. Rdf1 Rag8 24. Rxf6 Kf8 25. Rxf7+ Qxf7 26. Qd8+ 1-0

[Event "Olympiad Women-43"]
[Site "Batumi"]
[Date "2018.09.27"]
[Round "4.36"]
[White "Gitu, Paula Alexandra"]
[Black "Zaritovskaja, Margarita"]
[Result "1-0"]
[WhiteElo "2026"]
[BlackElo "1731"]
[PlyCount "93"]
[EventDate "2018.09.24"]
[EventType "team-swiss"]
[EventRounds "11"]
[EventCountry "GEO"]
[SourceTitle "EXT 2020"]
[Source "ChessBase"]
[SourceDate "2019.10.17"]
[SourceVersion "1"]
[SourceVersionDate "2019.10.17"]
[SourceQuality "1"]
[WhiteTeam "Moldova (W)"]
[BlackTeam "Sweden (W)"]
[WhiteTeamCountry "MDA"]
[BlackTeamCountry "SWE"]

1. e4 c5 2. Nf3 e6 3. c3 Nf6 4. e5 Nd5 5. d4 cxd4 6. cxd4 d6 7. Bc4 Nc6 8. 0-0 Be7 9. Qe2 0-0 10. Rd1 a6 11. Nc3 Nxc3 12. bxc3 dxe5 13. dxe5 Qc7 14. Qe4 f5 15. exf6 Bxf6 16. Bxe6+ Bxe6 17. Qxe6+ Qf7 18. Qxf7+ Rxf7 19. Rd3 Rc8 20. Bg5 Nb4 21. Rd6 Rxc3 22. Bd2 Rc4 23. Bxb4 Rxb4 24. Re1 Ra4 25. Re2 Rc7 26. g3 Ra3 27. Kg2 b5 28. h4 Rf7 29. Nh2 a5 30. Ng4 h5 31. Nxf6+ Rxf6 32. Rd5 b4 33. Rxh5 Rb6 34. Rg5 Rb7 35. h5 Kh7 36. g4 a4 37. Ra5 Rc7 38. g5 Rc4 39. Re8 Rg4+ 40. Kf1 Rxg5 41. Rxg5 Rxa2 42. Re7 b3 43. Rgxg7+ Kh6 44. Rg6+ Kxh5 45. Rg3 Kh6 46. Re8 Kh7 47. Re4 1-0